| 000 | 00684nam a2200217Ia 4500 | ||
|---|---|---|---|
| 999 |
_c35504 _d35504 |
||
| 001 | 1365 | ||
| 003 | GE_BSU | ||
| 005 | 20211105134646.0 | ||
| 008 | 181216s2008||||enk|||||||||||||| ||eng|| | ||
| 020 | _a9781412946872 | ||
| 041 | _aeng | ||
| 080 | _a338.48 H-88 | ||
| 100 |
_aHudson Simon. _912846 |
||
| 245 |
_aTourism and Hospitality Marketing : _bA Global perspective / _cSimon Hudson. |
||
| 264 |
_aLos Angeles, _c2008. |
||
| 300 | _a467p. | ||
| 653 | _aტურიზმი | ||
| 653 | _aმარკეტინგი | ||
| 653 | _aტურიზმისა და სტუმართმოყვარეობის მარკეტინგი | ||
| 942 |
_cBK _2udc |
||